| 000 | 00430pab a2200169 454500 | ||
|---|---|---|---|
| 008 | 180718b1983 xxu||||| |||| 00| 0 eng d | ||
| 100 | _aAlgie, J. | ||
| 245 | _aFinancial cutback decisions by priority scaling | ||
| 260 | _c1983 | ||
| 300 | _a233-60 | ||
| 362 | _aApr. | ||
| 650 | _aSocial Service - Finance - U.K. | ||
| 700 | _aW. Foster | ||
| 700 | _aG. Mallen | ||
| 773 | _aJournal of Management Studies | ||
| 909 | _a18279 | ||
| 999 |
_c18279 _d18279 |
||